01228 2200229 4500001002100000005001500021035002000036007000300056008004100059020002200100082001200122084001800134100002500152245013200177250000600309260003600315300004800351650004600399520051300445700002300958990001700981INLIS00000000000110620260518094835 a0010-0923000091ta260518 j 0 ind  a978-602-879-859-4 a297.636 a297.636 HER t0 aHertanto Setia Darma1 aThe great prophet Muhammad meneladani plihan Allah :borang terpecaya /cHertanto Setia Darma, dkk ; editor, Herfi Ghulam Faizi a- aJakarta :bPustaka Lebah,c2012 a39 :bilus. ; gambar berwarna ;c28.5 cme- 4aIslam - Sejarah - Zaman Nabi Muhammad SAW aNabi Muhammad saw menjadi teladan pemimpin yang baik. Sebagai pemimpin di rumah, Nabi Muhammad adalah suami sekaligus ayah yang mencintai anggota keluarganya dan melindungi mereka dari berbagai kejahatan dan keburukan. Di masyarakat, Nabi Muhammad telah menjadi orang yang dipercaya sebagai pemimpin meskipun saat itu beliau sebelum diangkat menjadi nabi. Buku ini bercerita tentang sifat Nabi Muhammad saw karena kemuliaan akhlaknya sehingga beliau mendapat gelar Al-Amin artinya orang yang dapat dipercaya.0 aHerfi Ghulam Faizi a00033/R/2014